Ministerio della Giustizia (Record no. 120214)

MARC details
000 -LEADER
fixed length control field 00559cam a2200193 4500
001 - CONTROL NUMBER
control field WS120434
008 - FIXED-LENGTH DATA ELEMENTS--GENERAL INFORMATION
fixed length control field 021112n 000 0 eng u
035 ## - SYSTEM CONTROL NUMBER
System control number (Sirsi) u120434
245 ## - TITLE STATEMENT
Title Ministerio della Giustizia
520 ## - SUMMARY, ETC.
Summary, etc. Web site for the Italian Ministry of Justice outlining the Italian court system.
650 ## - SUBJECT ADDED ENTRY--TOPICAL TERM
Topical term or geographic name entry element ITALY
650 ## - SUBJECT ADDED ENTRY--TOPICAL TERM
Topical term or geographic name entry element EUROPE
650 ## - SUBJECT ADDED ENTRY--TOPICAL TERM
Topical term or geographic name entry element INTERNATIONAL
650 ## - SUBJECT ADDED ENTRY--TOPICAL TERM
Topical term or geographic name entry element GOVERNMENT
650 ## - SUBJECT ADDED ENTRY--TOPICAL TERM
Topical term or geographic name entry element COURTS
690 ## - LOCAL SUBJECT ADDED ENTRY--TOPICAL TERM (OCLC, RLIN)
Topical term or geographic name as entry element LAW
856 40 - ELECTRONIC LOCATION AND ACCESS
Uniform Resource Identifier <a href="https://www.giustizia.it">https://www.giustizia.it</a>
Public note View the website free of charge at www.giustizia.it...
942 ## - ADDED ENTRY ELEMENTS (KOHA)
Suppress in OPAC 0
Holdings
Withdrawn status Lost status Source of classification or shelving scheme Damaged status Not for loan Home library Current library Shelving location Date acquired Total Checkouts Full call number Barcode Date last seen Copy number Price effective from Koha item type
    Dewey Decimal Classification     Virtual Virtual Online 12/11/2002   WEB SITE 120434-2001 06/08/2019 1 06/08/2019 Online material